00339nam a2200133Ia 4500100002000000650002400020366000700044654002800051245003800079260004700117082002100164300000800185546001200193 aRizvi/M.Ashraf  aCommunication Skill f15 atechnical communication aEffective technical Communication bMcGraw Hill InternationalaNew Delhic2005 a808.066/RIZbRIZ a545 aENGLISH